| 000 | 00511nam a22001577a 4500 | ||
|---|---|---|---|
| 999 |
_c61667 _d61667 |
||
| 005 | 20240412170518.0 | ||
| 008 | 240412s1975 enk||||| |||| 00| 0 eng d | ||
| 041 | _aeng | ||
| 080 | _a61(038) S-82 | ||
| 245 |
_aStedman's Medical Dictionary: _b Illustrated / |
||
| 250 | _aTwenthy-Second edition | ||
| 264 |
_aBaltimore : _bThe Williams & Wilkins Company, _c1975. |
||
| 300 |
_a1533 p.: _bill.; _c26 cm. |
||
| 653 | _aSTEDMAN-ის სამედიცინო ლექსიკონი | ||
| 942 |
_2udc _cBK |
||